000 00695nam a22002177a 4500
999 _c14106
_d14106
003 AR-CdUCM
008 190422b ||||| |||| 00| 0 spa d
040 _aMUNICIPALIDAD PROVINCIAL DEL CUSCO
_cBIBLIOTECA MUNICIPAL DEL CUSCO
082 _a869.56 /
_bSA25
100 _aSantos Chocano, José
_97973
245 _aAlma de America :
_bEdición y Prólogo de Alberto Tauro /
260 _aLima :
_bInstituto de Literatura,
300 _a35 paginas ;
_bilustraciones,
_c21 cm.
500 _aDedicatoria a Luis Nieto
650 _aLiteratura
_983
650 _aHistoria
_9136
650 _aAmerica
_91348
700 _aTauro, Alberto
_911692
942 _2ddc
_cLIBROS
945 _apjha
_d2019-04-22